<?xml version="1.0" encoding="UTF-8"?>
<collection xmlns="http://www.loc.gov/MARC21/slim">
 <record>
  <leader>03032nam a22003257a 4500</leader>
  <controlfield tag="001">NCT_86296</controlfield>
  <controlfield tag="008">201008b        xxu||||| |||| 00| 0 vie d</controlfield>
  <datafield tag="999" ind1=" " ind2=" ">
   <subfield code="c">4256</subfield>
   <subfield code="d">4256</subfield>
  </datafield>
  <datafield tag="020" ind1=" " ind2=" ">
   <subfield code="a">9786046640592</subfield>
   <subfield code="c">85000</subfield>
  </datafield>
  <datafield tag="082" ind1="0" ind2="4">
   <subfield code="2">23rd ed.</subfield>
   <subfield code="a">617.952</subfield>
   <subfield code="b">S464</subfield>
  </datafield>
  <datafield tag="100" ind1="1" ind2=" ">
   <subfield code="a">Trần Thiết Sơn</subfield>
   <subfield code="e">Chủ biên</subfield>
  </datafield>
  <datafield tag="245" ind1="1" ind2="0">
   <subfield code="a">Các vấn đề cơ bản trong phẫu thuật tạo hình thẩm mỹ</subfield>
   <subfield code="n">Phần III</subfield>
   <subfield code="p">Đầu mặt cổ</subfield>
   <subfield code="c">Trần Thiết Sơn (Chủ biên) ; Nguyễn Huy Phan,...[et.al] (Biên soạn)</subfield>
  </datafield>
  <datafield tag="260" ind1=" " ind2=" ">
   <subfield code="a">H.</subfield>
   <subfield code="b">Y học </subfield>
   <subfield code="c">2020</subfield>
  </datafield>
  <datafield tag="300" ind1=" " ind2=" ">
   <subfield code="a">246 tr.</subfield>
   <subfield code="b">Minh họa</subfield>
   <subfield code="c">27cm</subfield>
  </datafield>
  <datafield tag="500" ind1=" " ind2=" ">
   <subfield code="a">ĐTTS ghi: Trường Đại học Y Hà Nội. Bộ môn Phẫu thuật tạo hình </subfield>
  </datafield>
  <datafield tag="520" ind1="3" ind2=" ">
   <subfield code="a">Giới thiệu các kiến thức giải phẫu ngoại khoa ứng dụng các bộ phận của vùng đầu mặt cổ, đề cập những bệnh lý thường gặp trong phẫu thuật tạo hình thẩm mỹ, những phẩu thuật tạo hình phổ biến liên quan đến cơ quan da che phủ và khung xương của vùng đầu mặt cổ, những quan điểm mới nhất liên quan đến các kỹ thuật tạo hình hiện đại được chú ý trong vòng vài thập kỷ gần đây.</subfield>
  </datafield>
  <datafield tag="653" ind1=" " ind2=" ">
   <subfield code="a">Y đa khoa</subfield>
  </datafield>
  <datafield tag="700" ind1="1" ind2=" ">
   <subfield code="a">Nguyễn Huy Phan</subfield>
   <subfield code="e">Biên soạn</subfield>
  </datafield>
  <datafield tag="942" ind1=" " ind2=" ">
   <subfield code="2">ddc</subfield>
   <subfield code="c">BK</subfield>
  </datafield>
  <datafield tag="952" ind1=" " ind2=" ">
   <subfield code="0">0</subfield>
   <subfield code="1">0</subfield>
   <subfield code="2">ddc</subfield>
   <subfield code="4">0</subfield>
   <subfield code="6">617_952000000000000_S464</subfield>
   <subfield code="7">0</subfield>
   <subfield code="9">20554</subfield>
   <subfield code="a">000001</subfield>
   <subfield code="b">000001</subfield>
   <subfield code="d">2020-10-08</subfield>
   <subfield code="o">617.952 S464</subfield>
   <subfield code="p">MD.17878</subfield>
   <subfield code="r">2020-10-08</subfield>
   <subfield code="v">85000.00</subfield>
   <subfield code="w">2020-10-08</subfield>
   <subfield code="y">BK</subfield>
  </datafield>
  <datafield tag="952" ind1=" " ind2=" ">
   <subfield code="0">0</subfield>
   <subfield code="1">0</subfield>
   <subfield code="2">ddc</subfield>
   <subfield code="4">0</subfield>
   <subfield code="6">617_952000000000000_S464</subfield>
   <subfield code="7">0</subfield>
   <subfield code="9">20555</subfield>
   <subfield code="a">000001</subfield>
   <subfield code="b">000001</subfield>
   <subfield code="d">2020-10-08</subfield>
   <subfield code="o">617.952 S464</subfield>
   <subfield code="p">MD.17879</subfield>
   <subfield code="r">2020-10-08</subfield>
   <subfield code="v">85000.00</subfield>
   <subfield code="w">2020-10-08</subfield>
   <subfield code="y">BK</subfield>
  </datafield>
  <datafield tag="952" ind1=" " ind2=" ">
   <subfield code="0">0</subfield>
   <subfield code="1">0</subfield>
   <subfield code="2">ddc</subfield>
   <subfield code="4">0</subfield>
   <subfield code="6">617_952000000000000_S464</subfield>
   <subfield code="7">0</subfield>
   <subfield code="9">20556</subfield>
   <subfield code="a">000001</subfield>
   <subfield code="b">000001</subfield>
   <subfield code="d">2020-10-08</subfield>
   <subfield code="o">617.952 S464</subfield>
   <subfield code="p">MD.17880</subfield>
   <subfield code="r">2020-10-08</subfield>
   <subfield code="v">85000.00</subfield>
   <subfield code="w">2020-10-08</subfield>
   <subfield code="y">BK</subfield>
  </datafield>
  <datafield tag="952" ind1=" " ind2=" ">
   <subfield code="0">0</subfield>
   <subfield code="1">0</subfield>
   <subfield code="2">ddc</subfield>
   <subfield code="4">0</subfield>
   <subfield code="6">617_952000000000000_S464</subfield>
   <subfield code="7">0</subfield>
   <subfield code="9">20557</subfield>
   <subfield code="a">000001</subfield>
   <subfield code="b">000001</subfield>
   <subfield code="d">2020-10-08</subfield>
   <subfield code="o">617.952 S464</subfield>
   <subfield code="p">MD.17881</subfield>
   <subfield code="r">2020-10-08</subfield>
   <subfield code="v">85000.00</subfield>
   <subfield code="w">2020-10-08</subfield>
   <subfield code="y">BK</subfield>
  </datafield>
  <datafield tag="952" ind1=" " ind2=" ">
   <subfield code="0">0</subfield>
   <subfield code="1">0</subfield>
   <subfield code="2">ddc</subfield>
   <subfield code="4">0</subfield>
   <subfield code="6">617_952000000000000_S464</subfield>
   <subfield code="7">0</subfield>
   <subfield code="9">20558</subfield>
   <subfield code="a">000001</subfield>
   <subfield code="b">000001</subfield>
   <subfield code="d">2020-10-08</subfield>
   <subfield code="o">617.952 S464</subfield>
   <subfield code="p">MD.17882</subfield>
   <subfield code="r">2020-10-08</subfield>
   <subfield code="v">85000.00</subfield>
   <subfield code="w">2020-10-08</subfield>
   <subfield code="y">BK</subfield>
  </datafield>
  <datafield tag="952" ind1=" " ind2=" ">
   <subfield code="0">0</subfield>
   <subfield code="1">0</subfield>
   <subfield code="2">ddc</subfield>
   <subfield code="4">0</subfield>
   <subfield code="6">617_952000000000000_S464</subfield>
   <subfield code="7">0</subfield>
   <subfield code="9">20559</subfield>
   <subfield code="a">000001</subfield>
   <subfield code="b">000001</subfield>
   <subfield code="d">2020-10-08</subfield>
   <subfield code="o">617.952 S464</subfield>
   <subfield code="p">MD.17883</subfield>
   <subfield code="r">2020-10-08</subfield>
   <subfield code="v">85000.00</subfield>
   <subfield code="w">2020-10-08</subfield>
   <subfield code="y">BK</subfield>
  </datafield>
  <datafield tag="952" ind1=" " ind2=" ">
   <subfield code="0">0</subfield>
   <subfield code="1">0</subfield>
   <subfield code="2">ddc</subfield>
   <subfield code="4">0</subfield>
   <subfield code="6">617_952000000000000_S464</subfield>
   <subfield code="7">0</subfield>
   <subfield code="9">20560</subfield>
   <subfield code="a">000001</subfield>
   <subfield code="b">000001</subfield>
   <subfield code="d">2020-10-08</subfield>
   <subfield code="o">617.952 S464</subfield>
   <subfield code="p">MD.17884</subfield>
   <subfield code="r">2020-10-08</subfield>
   <subfield code="v">85000.00</subfield>
   <subfield code="w">2020-10-08</subfield>
   <subfield code="y">BK</subfield>
  </datafield>
  <datafield tag="952" ind1=" " ind2=" ">
   <subfield code="0">0</subfield>
   <subfield code="1">0</subfield>
   <subfield code="2">ddc</subfield>
   <subfield code="4">0</subfield>
   <subfield code="6">617_952000000000000_S464</subfield>
   <subfield code="7">0</subfield>
   <subfield code="9">20561</subfield>
   <subfield code="a">000001</subfield>
   <subfield code="b">000001</subfield>
   <subfield code="d">2020-10-08</subfield>
   <subfield code="o">617.952 S464</subfield>
   <subfield code="p">MD.17885</subfield>
   <subfield code="r">2020-10-08</subfield>
   <subfield code="v">85000.00</subfield>
   <subfield code="w">2020-10-08</subfield>
   <subfield code="y">BK</subfield>
  </datafield>
  <datafield tag="952" ind1=" " ind2=" ">
   <subfield code="0">0</subfield>
   <subfield code="1">0</subfield>
   <subfield code="2">ddc</subfield>
   <subfield code="4">0</subfield>
   <subfield code="6">617_952000000000000_S464</subfield>
   <subfield code="7">0</subfield>
   <subfield code="9">20562</subfield>
   <subfield code="a">000001</subfield>
   <subfield code="b">000001</subfield>
   <subfield code="d">2020-10-08</subfield>
   <subfield code="o">617.952 S464</subfield>
   <subfield code="p">MD.17886</subfield>
   <subfield code="r">2020-10-08</subfield>
   <subfield code="v">85000.00</subfield>
   <subfield code="w">2020-10-08</subfield>
   <subfield code="y">BK</subfield>
  </datafield>
  <datafield tag="952" ind1=" " ind2=" ">
   <subfield code="0">0</subfield>
   <subfield code="1">0</subfield>
   <subfield code="2">ddc</subfield>
   <subfield code="4">0</subfield>
   <subfield code="6">617_952000000000000_S464</subfield>
   <subfield code="7">0</subfield>
   <subfield code="9">20563</subfield>
   <subfield code="a">000001</subfield>
   <subfield code="b">000001</subfield>
   <subfield code="d">2020-10-08</subfield>
   <subfield code="o">617.952 S464</subfield>
   <subfield code="p">MD.17887</subfield>
   <subfield code="r">2020-10-08</subfield>
   <subfield code="v">85000.00</subfield>
   <subfield code="w">2020-10-08</subfield>
   <subfield code="y">BK</subfield>
  </datafield>
  <datafield tag="980" ind1=" " ind2=" ">
   <subfield code="a">Thư viện Trường Đại học Nam Cần Thơ</subfield>
  </datafield>
 </record>
</collection>
